Болезни кишечника у детей (Запись № 11775503)
[ простой вид ]
| 000 -МАРКЕР | |
|---|---|
| контрольное поле | 01607nam1a2200313 i 4500 |
| 001 - ИДЕНТИФИКАТОР ЗАПИСИ | |
| контрольное поле | RU\NLR\BIBL_A\011780771 |
| 005 - ИДЕНТИФИКАТОР ВЕРСИИ | |
| контрольное поле | 20260405150028.0 |
| 010 ## - МЕЖДУНАРОДНЫЙ СТАНДАРТНЫЙ НОМЕР КНИГИ (ISBN) | |
| Номер (ISBN) | 9785988033875 |
| 035 ## - ДРУГИЕ СИСТЕМНЫЕ НОМЕРА | |
| Идентификатор записи | (NLR Aleph) 011780771 |
| 100 ## - ДАННЫЕ ОБЩЕЙ ОБРАБОТКИ | |
| Данные общей обработки | 20180903d2018 k y0rusy50 ca |
| 101 0# - ЯЗЫК РЕСУРСА | |
| Язык текста, звукозаписи и т.д. | русский |
| 102 ## - СТРАНА ПУБЛИКАЦИИ ИЛИ ПРОИЗВОДСТВА | |
| Страна публикации | российская федерация |
| 105 ## - ПОЛЕ КОДИРОВАННЫХ ДАННЫХ: ТЕКСТОВЫЕ МАТЕРИАЛЫ, МОНОГРАФИЧЕСКИЕ | |
| Кодированные данные о монографическом текстовом документе | ||||z|||||||| |
| 200 1# - ЗАГЛАВИЕ И СВЕДЕНИЯ ОБ ОТВЕТСТВЕННОСТИ | |
| Основное заглавие | Болезни кишечника у детей |
| Первые сведения об ответственности | [Бельмер Сергей Викторович, д.м.н., проф., Разумовский Александр Юрьевич, д.м.н., проф., чл.-кор. РАН, Хавкин Анатолий Ильич, д.м.н., проф. и др.] |
| Последующие сведения об ответственности | под общей редакцией С.В. Бельмера [и др.] |
| 210 ## - ПУБЛИКАЦИЯ, РАСПРОСТРАНЕНИЕ И ДР. | |
| Место издания, распространения и т.д. | Москва |
| Имя издателя, распространителя и т. д. | Медпрактика-М |
| Дата издания, распространения и т.д. | 2018 |
| 215 ## - ФИЗИЧЕСКАЯ ХАРАКТЕРИСТИКА | |
| Размеры | 21 |
| 300 ## - ОБЩИЕ ПРИМЕЧАНИЯ | |
| Текст примечания | Авт. указаны на с. 5-9 |
| 606 ## - НАИМЕНОВАНИЕ ТЕМЫ КАК ПРЕДМЕТ | |
| Наименование темы | Кишечник детей |
| Тематический подзаголовок | Аномалии |
| Системный номер авторитетной/нормативной записи | 2170448 |
| Идентификатор авторитетной/нормативной записи | RU\NLR\AUTH\661305652 |
| 606 ## - НАИМЕНОВАНИЕ ТЕМЫ КАК ПРЕДМЕТ | |
| Наименование темы | Кишечник детей |
| Тематический подзаголовок | Болезни |
| Системный номер авторитетной/нормативной записи | 2580715 |
| Идентификатор авторитетной/нормативной записи | RU\NLR\AUTH\661525650 |
| 686 1# - ИНДЕКСЫ ДРУГИХ КЛАССИФИКАЦИЙ | |
| Индекс | Р733.413.3 |
| 686 1# - ИНДЕКСЫ ДРУГИХ КЛАССИФИКАЦИЙ | |
| Индекс | Р733.457.465.330.50 |
| 701 #1 - ИМЯ ЛИЦА - АЛЬТЕРНАТИВНАЯ ОТВЕТСТВЕННОСТЬ | |
| Материалы, к которым относится поле | rus |
| Графика поля | Кириллица |
| Начальный элемент ввода | Бельмер |
| Часть имени, кроме начального элемента ввода | С. В. |
| Даты | 1960- |
| Расширение инициалов личного имени | Сергей Викторович |
| Идентификатор авторитетной/нормативной записи | RU\NLR\auth\7761385 |
| Системный номер авторитетной/нормативной записи | 44315 |
| 701 #1 - ИМЯ ЛИЦА - АЛЬТЕРНАТИВНАЯ ОТВЕТСТВЕННОСТЬ | |
| Начальный элемент ввода | Разумовский |
| Часть имени, кроме начального элемента ввода | А. Ю. |
| Дополнения к именам, кроме дат | д-р мед. наук |
| Даты | 1955- |
| Расширение инициалов личного имени | Александр Юрьевич |
| Системный номер авторитетной/нормативной записи | 153509 |
| Идентификатор авторитетной/нормативной записи | RU\NLR\AUTH\770153547 |
| 701 #1 - ИМЯ ЛИЦА - АЛЬТЕРНАТИВНАЯ ОТВЕТСТВЕННОСТЬ | |
| Материалы, к которым относится поле | rus |
| Графика поля | Кириллица |
| Начальный элемент ввода | Хавкин |
| Часть имени, кроме начального элемента ввода | А. И. |
| Даты | 1958- |
| Расширение инициалов личного имени | Анатолий Ильич |
| Идентификатор авторитетной/нормативной записи | RU\NLR\AUTH\7761383 |
| Системный номер авторитетной/нормативной записи | 44313 |
| 852 ## - МЕСТОНАХОЖДЕНИЕ И ШИФР ХРАНЕНИЯ | |
| Идентификатор организации | NLR |
| Шифр хранения (Call Number) | 2018-3/23142 |
| 942 ## - ДОПОЛНИТЕЛЬНЫЕ ЭЛЕМЕНТЫ ЗАПИСИ (АБИС) | |
| Тип экземпляра АБИС | Книга |
Нет доступных экземпляров.